• 首页
  • 本馆介绍
  • 公告通知
  • 最新文献
  • 馆藏检索
  • 电子资源
  • 读者导购
  • 参考咨询
  • 我的图书馆
  • 登录
  • 详细信息显示
  • 放入我的书架
  • 预约/预借图书
  • 作者相关作品
  • 分类相关作品
  • 丛书相关作品
  • 出版社相关作品

书目信息

  • 表格格式
  • 工作单格式
  • 卡片格式
题名:
欧洲近代生活
    
 
作者: 范迪尔门 著 ;王亚平 译
分册:   村庄与城市
出版信息: 北京   东方出版社  2004
页数: 424页
开本: 20cm
丛书名:
单 册:
中图分类: K504
科图分类:
主题词: 文化史--欧洲--近代 , 社会生活--欧洲--近代
电子资源:
ISBN: 7-5060-1952-3
000 01403nam0 2200361 450
000 01366nam0 2200349 450
000 01348nam0 2200349 450
000 01311nam0 2200337 450
000 01318nam0 2200325 450
000 01281nam0 2200313 45
001 TS2006006100
005 20061208102116.90
010    @a7-5060-1952-3@dCNY30.00
092    @aCN@bTS01-006451
100    @a20060829d2004 em y0chiy0110 ea
101 1  @achi@cger
102    @aCN@b110000
105    @aa z 001yy
200 1  @a欧洲近代生活@AOu Zhou Jin Dai Sheng Huo@i村庄与城市@ICun Zhuang Yu Cheng Shi@f(德)里夏德·范迪尔门著@F( De ) Li Xia De· Fan Di Er Men Zhu@g王亚平译
210    @a北京@c东方出版社@d2004
215    @a424页@c图@d20cm
305    @a据德国慕尼黑C.H.贝克出版社1999年版译出,并授权出版
330    @a本书阐述了村庄和城市的生活世界,描述了农民和商人、手工业者和他们的同业工会、庆典、习俗、公众的生活和国家的权力。配有68幅插图。
510 1  @aKultur und Alltag in der Fruhen Neuzeit@iDorf und Stadt@zger
606 0  @a文化史@y欧洲@z近代
606    @a社会生活@x欧洲@z近代
690    @aK504@v4
701  0 @c(德)@a范迪尔门@AFan Di Er Men@c(Dulmen, Richard van)@4著
702  0 @a王亚平@AWang Ya Ping@c(翻译)@4译
801  0 @aCN@b中图数据@c20061208
905    @a10447@dK504@e13
    
    欧洲近代生活.村庄与城市/(德)里夏德·范迪尔门著/王亚平译.-北京:东方出版社,2004
    424页:图;20cm
    
    
    ISBN 7-5060-1952-3:CNY30.00
    本书阐述了村庄和城市的生活世界,描述了农民和商人、手工业者和他们的同业工会、庆典、习俗、公众的生活和国家的权力。配有68幅插图。
●
相关链接 在E读中查询图书 在五车中查询图书 在当当中查询图书 在豆瓣中查询图书


正题名:欧洲近代生活     索取号:K504/13         预约/预借

序号 登录号 条形码 馆藏地/架位号 状态 备注
1 0618498   206184984   第二样本阅览室/ [索取号:K504/13] 在馆    
2 0618499   206184993   第二借阅区/ [索取号:K504/13] 在馆    
3 0618500   206185000   第二借阅区/ [索取号:K504/13] 在馆    
4 0618501   206185019   第二借阅区/ [索取号:K504/13] 在馆    
唐山师范学院图书馆 欢迎您!
大连网信软件有限公司© 版权所有